000 00451nam a2200181Ia 4500
001 646
005 20260306140533.0
008 260306t2018||||xx |||||||||||||| ||spa||
041 _aESP
082 _a128
_bV65
100 _aViladrich, Pedro Juan,
_eAUT
245 0 _aAntropologĂ­a del amor :
_bestructura esponsal de la persona
260 _c2018
300 _a277 páginas :
_c24 cm.
650 _aGEN
654 _aCHU
942 _cLIB
_dJUS
_fJUS
_2ddc
_n
999 _c646
_d646